00724nam a2200217 a 4500001000800000005001700008008004100025020001500066040001300081050002400094100002500118245006800143250000600211260004200217300002400259500006100283504003100344600004900375650003300424653004900457BRCA_1820190320202839.0910726s1994 mx-a---##b---#001-1#spa-d a9688424420 aDLCcDLC 4aF1211.E3b.M69 19941 aMoya Palencia, Mario10aEl México de Egerton, 1831-1842bNovelacMario Moya Palencia. a2 aMéxicobMiguel Angel Porrúac1994 a735 p.bil.c21 cm. aIncluye índice onomástico, geográfico y de lugares aBibliografía: p. 715-73014aEgerton, Daniel Thomasd1797-1842xFicción14aViajeros inglesesySiglo XIX0 aViajeros extranjeros en México - Siglo XIX